Flammability behaviour of natural rubber compounds containing phosphorous modified ELNR (Record no. 51051)

MARC details
000 -LEADER
fixed length control field 00549nam a2200169Ia 4500
100 ## - MAIN ENTRY--AUTHOR NAME
Personal name Nair N.R.
245 #0 - TITLE STATEMENT
Title Flammability behaviour of natural rubber compounds containing phosphorous modified ELNR
260 ## - PUBLICATION, DISTRIBUTION, ETC. (IMPRINT)
Name of publisher Proceedings of the Sixth Kerala Science Congress, 27-29 January 1994, Trivandrum, pp. 435-436
Year of publication 1994
650 ## - SUBJECT ADDED ENTRY--TOPICAL TERM
Topical Term Flammability
650 ## - SUBJECT ADDED ENTRY--TOPICAL TERM
Topical Term Liquid natural rubber
700 ## - ADDED ENTRY--PERSONAL NAME
Personal name Brosse J.C.
700 ## - ADDED ENTRY--PERSONAL NAME
Personal name Derouet D.
700 ## - ADDED ENTRY--PERSONAL NAME
Personal name Mathew N.M.
700 ## - ADDED ENTRY--PERSONAL NAME
Personal name Thomas S.
942 ## - ADDED ENTRY ELEMENTS (KOHA)
Koha item type Bibliography STAF
Holdings
Withdrawn status Lost status Damaged status Not for loan Home library Current library Shelving location Date acquired Koha item type
      Bibliography RRII Library RRII Library Rubber chemistry 09/04/2014 Bibliography STAF